Survivor 48 Cast - Statistics

General Stats
  • This quiz has been taken 37 times
  • The average score is 16 of 18
Answer Stats
Hint Answer % Correct
Lagi Eva
100%
Lagi Joe
96%
Civa Kamilla
96%
Civa Kyle
96%
Vulu Sai
96%
Lagi Shauhin
93%
Vulu Kevin
89%
Vulu Mary
89%
Vulu Cedrek
86%
Vulu Justin
86%
Lagi Star
86%
Civa Charity
82%
Civa Chrissy
82%
Civa David
82%
Vulu Stephanie
79%
Lagi Thomas
79%
Lagi Bianca
75%
Civa Mitch
71%
No matching quizzes found
Score Distribution
Percent of People with Each Score
Percentile by Number Answered
Your Score History
You have not taken this quiz